| 000 -LEADER | |
|---|---|
| fixed length control field | 00485nam a22001697a 4500 |
| 005 - DATE AND TIME OF LATEST TRANSACTION | |
| control field | 20240108101904.0 |
| 008 - FIXED-LENGTH DATA ELEMENTS--GENERAL INFORMATION | |
| fixed length control field | 220209b ||||| |||| 00| 0 eng d |
| 020 ## - INTERNATIONAL STANDARD BOOK NUMBER | |
| ISBN | 978-93-87-686-42-7 |
| 041 ## - LANGUAGE CODE | |
| Language code of text/sound track or separate title | eng |
| 082 ## - DEWEY DECIMAL CLASSIFICATION NUMBER | |
| Classification number | 615.19 |
| Item number | DAS-P |
| 100 ## - MAIN ENTRY--AUTHOR NAME | |
| Personal name | DAS, SUDIP , MANTRY Dr. SSHUBHRAJIT AND SHANKAR RAVI |
| 245 ## - TITLE STATEMENT | |
| Title | A PRACTICAL BOOK OF PHYSICAL PHARMACEUTICS [SEM-III AND IV] |
| 260 ## - PUBLICATION, DISTRIBUTION, ETC. (IMPRINT) | |
| Place of publication | PUNE |
| Name of publisher | NIRALI PRAKASHAN |
| 300 ## - PHYSICAL DESCRIPTION | |
| Number of Pages | 70;p |
| 650 ## - SUBJECT ADDED ENTRY--TOPICAL TERM | |
| Topical Term | PHARMACY |
| General subdivision | B.PHARMA |
| 942 ## - ADDED ENTRY ELEMENTS (KOHA) | |
| Koha item type | Books |
| Lost status | Damaged status | Collection code | Home library | Current library | Shelving location | Date acquired | Source of acquisition | Cost, normal purchase price | Full call number | Accession Number | Koha item type |
|---|---|---|---|---|---|---|---|---|---|---|---|
| Reference | JRU Library | JRU Library | SHELF-4-C | 09/02/2022 | PURCHASE | 75.00 | 610 | 26095 | Books | ||
| PHARMACY | JRU Library | JRU Library | Shelf - 27- D | 09/02/2022 | PURCHASE | 75.00 | 610 | 26096 | Books | ||
| PHARMACY | JRU Library | JRU Library | Shelf - 27- D | 09/02/2022 | PURCHASE | 75.00 | 610 | 26097 | Books | ||
| PHARMACY | JRU Library | JRU Library | Shelf - 27- D | 09/02/2022 | PURCHASE | 75.00 | 610 | 26098 | Books | ||
| PHARMACY | JRU Library | JRU Library | Shelf - 27- D | 09/02/2022 | PURCHASE | 75.00 | 610 | 26099 | Books | ||
| PHARMACY | JRU Library | JRU Library | SHELF-4-C | 26/02/2022 | PURCHASE | 75.00 | 610 | 26732 | Books | ||
| PHARMACY | JRU Library | JRU Library | Shelf - 27- D | 26/02/2022 | PURCHASE | 75.00 | 610 | 26733 | Books | ||
| PHARMACY | JRU Library | JRU Library | Shelf - 27- D | 26/02/2022 | PURCHASE | 75.00 | 610 | 26734 | Books |